| 000 | 01360cam a22003254a 4500 | ||
|---|---|---|---|
| 001 | 14317259 | ||
| 003 | AUA.1 | ||
| 005 | 20111011134147.0 | ||
| 008 | 060327s2006 nju b 000 0 eng | ||
| 010 | _a 2006043288 | ||
| 020 | _a1596380519 | ||
| 020 | _a9781596380516 | ||
| 035 | _a(OCoLC)ocm65521584 | ||
| 035 | _a(OCoLC)65521584 | ||
| 040 |
_aDLC _cDLC _dIG# _dBTCTA _dDLC |
||
| 042 | _apcc | ||
| 050 | 0 | 0 |
_aBV 4460 _b.H83 2006 |
| 082 | 0 | 0 |
_a261.8/324 _222 |
| 100 | 1 |
_aHubach, Stephanie O., _d1960- _95961 |
|
| 245 | 1 | 0 |
_aSame lake, different boat : _bcoming alongside people touched by disability / _cStephanie O. Hubach ; foreword by Joni Eareckson Tada. |
| 260 |
_aPhillipsburg, N.J. : _bP&R Pub., _cc2006. |
||
| 300 |
_a234 p. ; _c22 cm. |
||
| 504 | _aIncludes bibliographical references (p. 227-230). | ||
| 650 | 0 |
_aChurch work with people with disabilities. _95962 |
|
| 650 | 0 |
_aDisabilities _xReligious aspects _xChristianity. _95963 |
|
| 906 |
_a7 _bcbc _corignew _d1 _eocip _f20 _gy-gencatlg |
||
| 942 |
_2lcc _cBOOK _hBV 4460 _i.H83 2006 |
||
| 999 |
_c1644 _d1644 |
||